000 00510nam a2200181Ia 4500
003 OSt
005 20260119093352.0
008 210210b1968 xxu||||| |||| 00| 0 eng d
040 _cAL
041 _aKannada
082 _a859/357
100 _aKRASHNAMURTI PURANIKA
_963139
_dಕೃಷ್ಣಮೂರ್ತಿ ಪುರಾಣಿಕ
245 _aHabbida balli
_b ಹಬ್ಬಿದ ಬಳ್ಳಿ
260 _aGokaka
_b-
_c1968
690 _aKannada Fiction
_963140
906 _a021227
942 _2ddc
_cBK
999 _c145290
_d145290